000 00495nam a2200193Ia 4500
003 OSt
005 20251023144105.0
008 220917b |||||||| |||| 00| 0 eng d
037 _cTB
040 _aARTS
_cARTS
_beng
041 _2eng
_aeng
084 _aU.6537.N5 122K4
_qAL
100 _aRougerie G
_993994
245 0 _aCote d'Ivoire
260 _c1964.
650 _aGEOGRAPHY
_9849327
942 _hU.6537.N5 122K4
_cTB
_2CC
_n0
999 _c212381
_d212381